000 00750nam a2200181 i 4500
001 79160
003 ES-MaACL
005 20231229063020.0
007 t|
008 041020s1973 sp |||| |cspa d
100 1 _aHernández Gil, Antonio,
_d1915-1994
_962943
245 1 0 _aJuristas españoles de nuestro tiempo: Felipe Clemente de Diego, Ignacio de Casso Romero, Manuel de la Plaza Navarro, Nicolás Pérez Serrano, José Castán Tobeñas
_b: con un estudio previo sobre la situación científica y cultural del Derecho /
_cAntonio Hernández Gil.
260 _a[Madrid] :
_bSala,
_c[1973]
300 _a109 p. ;
_c24 cm.
650 _aAbogados-
_zEspaña-
_xBiografías.
_99566
852 _aES-MaACL
_jC-49254
999 _c79160
_d79160